| 000 | 00847nam a22002897a 4500 | ||
|---|---|---|---|
| 003 | CHAP | ||
| 005 | 20220329140445.0 | ||
| 008 | 971013s1972 r 00010 d | ||
| 010 | _a52235 | ||
| 011 | _a53207 | ||
| 035 | _a57357 | ||
| 040 | _cCHAP | ||
| 082 |
_a001.6425 _bP6 |
||
| 100 | 0 | 0 |
_aPollack, Bary W. _990254 |
| 245 | _aCompiler technique | ||
| 260 |
_aPrincenton : _bAuerbach, _c1972 |
||
| 300 | _a558 p. | ||
| 490 | _aAuerbach computer science series | ||
| 590 |
_aBATCH-UPD _b10 _c20130110 _lUCH01 _h0237 |
||
| 590 |
_aBATCH-UPD _b10 _c20130110 _lUCH01 _h0832 |
||
| 590 |
_aCONVERSION _b10 _c20130109 _lUCH01 _h1328 |
||
| 650 | 1 | 4 |
_aSoftware. _9108281 |
| 830 | 0 |
_aAuerbach computer science series _98314 |
|
| 901 | _aBK | ||
| 942 | _cLIBRO | ||
| 949 |
_a001.6425 P6 _bBC _cLIBRO _d33724000293189 _eLIBRO _h33007 _i57357 _mD CEC _si _t330.00 |
||
| 999 |
_c52235 _d52235 |
||